[Event "Pereira Easter op"]
[Site "Pereira"]
[Date "2021.04.01"]
[Round "1"]
[White "Abreu, Williams"]
[Black "Londono Lopez, Donaldo Eliuver"]
[Result "0-1"]
[WhiteElo "1767"]
[BlackElo "2073"]
[PlyCount "72"]
[EventDate "2021.04.01"]
[EventType "swiss"]
[EventRounds "7"]
[EventCountry "COL"]
[SourceTitle "EXT 2022"]
[Source "ChessBase"]
[SourceDate "2021.10.06"]
[SourceVersion "1"]
[SourceVersionDate "2021.10.06"]
[SourceQuality "1"]

1. e4 c5 2. Nf3 d6 3. d4 cxd4 4. Qxd4 a6 5. Bc4 Nc6 6. Qd3 Nf6 7. Nc3 e6 8. Bg5 Be7 9. Rd1 Qc7 10. Bb3 Bd7 11. 0-0 Rc8 12. Rfe1 0-0 13. Bxf6 gxf6 14. Qe3 Na5 15. Qh6 Kh8 16. Qh5 Qc5 17. e5 d5 18. Bxd5 exd5 19. Rxd5 Qc7 20. exf6 Bxf6 21. Ne4 Bg7 22. Rxa5 Bg4 23. Qc5 Bxb2 24. c3 Qxc5 25. Rxc5 Rxc5 26. Nxc5 Bxc3 27. Re3 Bb4 28. Nd3 Bd6 29. Nde5 Be6 30. a3 Rc8 31. h3 Rc1+ 32. Ne1 Bxa3 33. Kh2 Bd6 34. g3 b5 35. N1d3 Rc2 36. Nf4 Rxf2+ 0-1